[Event "SLO-chT"]
[Site "Bled"]
[Date "1996.??.??"]
[Round "5"]
[White "Kovac, M."]
[Black "Kosmac, Blaz"]
[Result "0-1"]
[WhiteElo "1725"]
[BlackElo "1980"]

1.e4 c5 2.Nf3 e6 3.d4 cxd4 4.Nxd4 Nc6 5.Nc3 Qc7 6.Be3 a6 7.Be2 Nf6 8.f4 Bb4
9.Bf3 Na5 10.Ne2 Nc4 11.Qc1 Nxe3 12.Qxe3 d6 13.O-O-O Bc5 14.Qd3 Bd7 15.g4 Bc6
16.Nd4 Nd7 17.Nb3 O-O-O 18.h4 Kb8 19.Kb1 b5 20.a3 Bb7 21.Rd2 Nb6 22.Na5 Nc8
23.Nxb7 Kxb7 24.f5 Kb8 25.Rhd1 Ne7 26.g5 Nc6 27.Bg4 Ne5 28.Qh3 Nc4 29.Rd3 e5
30.Nd5 Qb7 31.f6 g6 32.h5 Bd4 33.c3 Bc5 34.Ne7 Ka8 35.Nd5 Rb8 36.Ka2 a5 37.Qg2 Rhd8
38.Qf1 Ka7 39.Qg2 b4 40.cxb4 axb4 41.Qc2 bxa3 42.bxa3 Qb2+ 43.Qxb2 Nxb2 44.R3d2 Nxd1
45.Rxd1 Bd4 46.Rd2 Rb7 47.Rc2 Bc5 48.Ne7 Ra8 49.Bc8 Rxe7 50.fxe7 Rxc8 51.hxg6 hxg6
52.Kb3 Re8 53.Kc4 Rxe7 54.Kd5 Rb7 55.Rc4 Rb3  0-1

[Event "SLO-chT"]
[Site "Bled"]
[Date "1996.??.??"]
[Round "6"]
[White "Kastelic, Marjan"]
[Black "Slibar, Matjaz"]
[Result "0-1"]
[WhiteElo "2240"]
[BlackElo "2250"]

1.e4 c5 2.Nf3 e6 3.d4 cxd4 4.Nxd4 Nc6 5.Nc3 Qc7 6.Be3 a6 7.a4 Nf6 8.Bd3 b6
9.Nxc6 dxc6 10.O-O c5 11.Qe2 Bb7 12.Bg5 Be7 13.f4 h6 14.Bxf6 Bxf6 15.e5 Be7
16.f5 exf5 17.e6 fxe6 18.Qh5+ Kd8 19.Rad1 Kc8 20.Bc4 Kb8 21.Bxe6 Ka7 22.Bd5 Bf6
23.Qxf5 Rad8 24.Bxb7 Qxb7 25.Rd3 Rhf8 26.Rxd8 Bd4+ 27.Kh1 Rxf5 28.Rxf5 Qe7
29.Rdf8 Bf6 30.R8xf6 gxf6 31.h3 Qe6 32.Rf1 Kb7 33.Kg1 Qe3+ 34.Kh1 Qe5 35.Rd1 Kc6
36.Rd8 Qf5 37.Nd5 Qxc2 38.Nxf6 Qc1+ 39.Kh2 Qf4+  0-1

[Event "SLO-chT"]
[Site "Bled"]
[Date "1996.??.??"]
[Round "7"]
[White "Kosmac, Blaz"]
[Black "Varga, Mariano"]
[Result "1-0"]
[WhiteElo "1980"]
[BlackElo "1775"]

1.e4 c5 2.Nf3 Nc6 3.d4 cxd4 4.Nxd4 e6 5.Nc3 Nf6 6.Ndb5 d6 7.Bf4 e5 8.Bg5 a6
9.Na3 Be6 10.Nc4 Qc7 11.Bxf6 gxf6 12.Ne3 Ne7 13.Bd3 Bh6 14.O-O Bxe3 15.fxe3 O-O-O
16.Rxf6 Qb6 17.Qc1 h5 18.Na4 Qc6 19.b3 Rdg8 20.c4 h4 21.Nc3 Rg7 22.Nd5 Kd8
23.Kh1 Rhg8 24.Rf2 Bxd5 25.cxd5 Qxc1+ 26.Rxc1 Kd7 27.Rfc2 Rc8 28.Rxc8 Nxc8
29.Kg1 Rg8 30.Rf1 Ke7 31.Rf3 Na7 32.Rh3 Rg4 33.Kf2 Kf6 34.Kf3 Kg5 35.a4 f6
36.g3 Nc8 37.a5 Na7 38.gxh4+ Rxh4 39.Rg3+ Kh6 40.Rg8 Rh3+ 41.Ke2 Rxh2+ 42.Kd1 Rb2
43.Bc4 Ra2 44.Rb8 Rxa5 45.Rxb7 Nb5 46.Kd2 Kg6 47.Rb6 Kf7 48.Bxb5 axb5 49.b4 Ra2+
50.Kd3 Ra3+ 51.Ke2 Ke7 52.Rxb5 Kd7 53.Rb7+ Kc8 54.Rb6 Kc7 55.Rc6+ Kd7 56.Rc4 Rb3
57.Kd2 Kd8 58.Kc2 Rxe3 59.b5 Ra3 60.b6 Ra8 61.Kb3 Rb8 62.Rc6 Ke7 63.Kb4 f5
64.exf5 e4 65.Kb5 Kf6 66.Rxd6+  1-0

[Event "SLO-chT"]
[Site "Bled"]
[Date "1996.??.??"]
[Round "7"]
[White "Simic, Dragan"]
[Black "Kragelj, Igor"]
[Result "0-1"]
[WhiteElo "2300"]
[BlackElo "2225"]

1.e4 c5 2.Nf3 Nc6 3.d4 cxd4 4.Nxd4 e6 5.Nc3 Qc7 6.g3 a6 7.Bg2 Nf6 8.O-O Bc5
9.Nb3 Ba7 10.Qe2 Ne5 11.Be3 Bxe3 12.Qxe3 Nc4 13.Qc1 d6 14.Nd2 e5 15.Nxc4 Qxc4
16.Qd2 Qc5 17.Rad1 Ke7 18.h3 h6 19.Kh2 Rd8 20.f4 Be6 21.Nd5+ Bxd5 22.fxe5 dxe5
23.exd5 Ne8 24.Rf3 Nd6 25.Rc3 Qb6 26.Qe2 Qxb2 27.Rb3 Qxa2 28.Qxe5+ Kf8 29.Be4 Rac8
30.Rb2 Qa3 31.Bd3 Qc5 32.Rf1 Re8 33.Qh5 Rc7 34.Rbb1 Rce7 35.h4 Re5 36.Qf3 Qxd5
37.Rb6 Qxf3 38.Rxf3 Ke7 39.Rf4 Rc8 40.Rd4 Re6 41.Kg2 Rf6 42.g4 Rc7 43.g5 hxg5
44.hxg5 Re6 45.Kf3 Rc5  0-1

[Event "Bled op"]
[Site "Bled"]
[Date "1996.??.??"]
[Round "8"]
[White "Palac, Mladen"]
[Black "Vospernik, Zdravko"]
[Result "1-0"]
[WhiteElo "2545"]
[BlackElo "2285"]

1.e4 c5 2.Nf3 e6 3.d4 cxd4 4.Nxd4 Nc6 5.Nc3 a6 6.Be2 Qc7 7.O-O Nf6 8.Be3 Be7
9.f4 d6 10.Qe1 O-O 11.Qg3 Bd7 12.Kh1 Kh8 13.a4 Rac8 14.Nxc6 Bxc6 15.Bd4 Rg8
16.Bd3 Nd7 17.Qh3 Nc5 18.Qh5 Nxd3 19.cxd3 Bf6 20.Bxf6 gxf6 21.f5 Qb6 22.Rab1 Rcf8
23.Qh6 Qd4 24.Rf3 Rg7 25.Ne2 Qxa4 26.Rg3 Rfg8 27.Rxg7 Rxg7 28.Nf4 Qc2 29.Rg1 Qd2
30.Ng6+  1-0

[Event "Bonn GSK-3"]
[Site "Bonn"]
[Date "1996.??.??"]
[Round "?"]
[White "Kveinys, Aloyzas"]
[Black "Ruzele, Darius"]
[Result "1/2-1/2"]
[WhiteElo "2530"]
[BlackElo "2520"]

1.e4 c5 2.Nf3 e6 3.Nc3 Nc6 4.d4 cxd4 5.Nxd4 Qc7 6.g3 a6 7.Bg2 Nf6 8.O-O Bc5
9.Bf4 e5 10.Nb3 exf4 11.Nxc5 d6 12.Nd3 fxg3 13.hxg3 Ne5 14.Nxe5 dxe5 15.Nd5 Nxd5
16.exd5 Qd6 17.c4 O-O 18.Qd2 a5 19.a3 f5 20.b4 f4 21.c5 Qh6 22.d6 f3 23.Qxh6 gxh6
24.Bh1 Bd7 25.Rfe1 axb4 26.axb4 Rxa1 27.Rxa1 e4 28.Re1 Re8 29.g4 h5 30.gxh5 Kf7
31.Kh2 Kf6 32.Kg3 Kf5 33.Kh4 Rg8 34.Bxf3 exf3 35.Re7 Be6 36.d7 Kf6 37.Rxh7 Rg4+
38.Kh3 Rg2+  1/2-1/2

[Event "GER-chT Federal Cup (Women)"]
[Site "Braunfels"]
[Date "1996.??.??"]
[Round "?"]
[White "Nuenchert, Eveline"]
[Black "Borulia, Ekaterina"]
[Result "1-0"]
[WhiteElo "2220"]
[BlackElo "2360"]

1.e4 c5 2.Nf3 e6 3.d4 cxd4 4.Nxd4 Nc6 5.Nc3 Qc7 6.Be3 a6 7.Qd2 Nf6 8.f3 b5
9.O-O-O Bb7 10.g4 h6 11.Rg1 b4 12.Nce2 d5 13.Nxc6 Bxc6 14.e5 Nd7 15.f4 g5
16.fxg5 Nxe5 17.Nd4 hxg5 18.Bxg5 Bg7 19.Bf4 Qb6 20.Be2 O-O-O 21.Be3 Qb7 22.Nxc6 Qxc6
23.Bf4 Nc4 24.Bxc4 Qxc4 25.Kb1 a5 26.Rg3 e5 27.Bg5 f6 28.Be3 d4 29.Bg1 Bh6
30.Qg2 Qd5 31.Qf1 Bf4 32.Rf3 Kb7 33.a3 Qc5 34.Qd3 Bg5 35.Rdf1 Kb6 36.Qe4 Qd5
37.Qg6 e4 38.Rf5 Qg8 39.Rxg5 Qxg6 40.Rxg6 Rh4  1-0

[Event "EUCup f"]
[Site "Budapest"]
[Date "1996.??.??"]
[Round "1"]
[White "Horvath, Tamas"]
[Black "Fominyh, Alexander"]
[Result "0-1"]
[WhiteElo "2395"]
[BlackElo "2535"]

1.e4 c5 2.Nf3 e6 3.d4 cxd4 4.Nxd4 Nc6 5.Nc3 Qc7 6.g3 a6 7.Bg2 Nf6 8.O-O Nxd4
9.Qxd4 Bc5 10.Bf4 d6 11.Qd2 h6 12.Rad1 e5 13.Be3 Bg4 14.Bxc5 dxc5 15.f3 Be6
16.Nd5 Bxd5 17.exd5 Qd6 18.f4 O-O 19.fxe5 Qxe5 20.d6 Qxb2 21.Rb1 Qxa2 22.Rxb7 Rad8
23.Rd1 Rfe8 24.Qf2 Re5 25.Ra7 Qc4 26.h3 h5 27.Bf1 Qe6 28.Qf4 Re4 29.Qg5 Rd4
30.Rxd4 cxd4 31.Rxa6 Rxd6 32.Rxd6 Qxd6 33.Bd3 g6 34.Kg2 Kg7 35.Qd2 Nd5 36.Qf2 Ne3+
37.Kg1 Qc6 38.Kh2 Qf6 39.Kg1 Qc6 40.Kh2 f5 41.Kg1 Kf6 42.Kh2 Qd5 43.Kg1 Kg7
44.Kh2 Qe5 45.Kg1 Nd5 46.Bc4 Nf6 47.Kg2 Ne4 48.Qf3 Qa5 49.Bd3 Qd2+ 50.Qe2 Qxe2+
51.Bxe2 Nc3 52.Bc4 Kf6 53.Kf3 Ne4 54.Bd3 Ng5+ 55.Kg2 Nf7 56.Bc4 Ne5 57.Bd5 Ke7
58.Kf2 Kd6 59.Bg8 g5 60.Bh7 Ke6 61.Bg8+ Kf6 62.Bd5 Ng6 63.Bb7 h4 64.gxh4 Nxh4
65.Ke2 Ke5 66.Kf2 Ng6 67.Kg3 Nf4 68.Bc6 Ne2+ 69.Kf2 Nc3 70.Kf3 Nd5 71.Bb5 Nf4
72.Bf1 Ng6 73.Bd3 Kf6 74.Bf1 Ne5+ 75.Kf2 Ke6 76.Ba6 Kd5 77.Bb7+ Kc4 78.Bc8 f4
79.Bf5 Kc3 80.Ke2 Nc4 81.Kf3 Ne3 82.Be4 Nxc2 83.h4 Ne1+ 84.Ke2 gxh4 85.Kxe1 d3
86.Kf2 h3 87.Ke1 Kd4  0-1

[Event "Budapest FS11 IM"]
[Site "Budapest"]
[Date "1996.??.??"]
[Round "2"]
[White "Veltkamp, Gerben"]
[Black "Belotelov, Dimitri"]
[Result "0-1"]
[WhiteElo "2205"]
[BlackElo "2230"]

1.e4 e6 2.d4 c5 3.Nf3 cxd4 4.Nxd4 Nc6 5.Nc3 a6 6.Nxc6 bxc6 7.e5 Qa5 8.f4 Nh6
9.Bd3 Bc5 10.Bd2 Qc7 11.Ne4 Be7 12.O-O c5 13.c4 Bb7 14.Qe1 Nf5 15.Ba5 Qc6
16.Rd1 h5 17.Qd2 Nh4 18.Rf2 f5 19.Nc3 Rh6 20.Bc2 Rg6 21.Kf1 Rxg2 22.Ba4 Rxf2+
23.Qxf2 Qh1+ 24.Qg1 Qf3+ 25.Qf2 Qh3+ 26.Ke1 Nf3+ 27.Ke2 Nd4+ 28.Kd2 Bh4 29.Qe3 Qxh2+
30.Kc1 Bf2 31.Qd2 Qg3 32.Ne2 Qf3 33.Nxd4 Bxd4 34.Kb1 Qg2 35.Bc3 Be4+ 36.Ka1 Qxd2
37.Rxd2 Bxc3 38.bxc3 Rd8 39.Bd1 g6 40.Kb2 Ke7 41.Bc2 Bf3 42.Bd1 Bc6 43.Rd3 d6
44.Bf3 Bxf3 45.exd6+ Rxd6 46.Rxf3 Rd2+ 47.Kb3 Kf6 48.Re3 h4  0-1

[Event "EUCup f"]
[Site "Budapest"]
[Date "1996.??.??"]
[Round "3"]
[White "Koch, Jean Rene"]
[Black "Ruzele, Darius"]
[Result "1-0"]
[WhiteElo "2490"]
[BlackElo "2520"]

1.e4 c5 2.Nf3 e6 3.d4 cxd4 4.Nxd4 Nc6 5.Nc3 Qc7 6.Be2 a6 7.O-O Nf6 8.Be3 Bb4
9.Na4 O-O 10.Nxc6 bxc6 11.f4 Be7 12.Bb6 Qb8 13.e5 Nd5 14.Bd4 d6 15.g3 Rd8
16.exd6 Bxd6 17.Bd3 g6 18.Qe1 a5 19.Qf2 Ba6 20.Bxa6 Rxa6 21.c4 Ne7 22.Rad1 Nf5
23.Bc3 Bf8 24.Nc5 Bxc5 25.Qxc5 Re8 26.Rf2 Qa7 27.Qe5  1-0

[Event "Budapest FS05 GM"]
[Site "Budapest"]
[Date "1996.??.??"]
[Round "3"]
[White "McDonald, Neil R"]
[Black "Wilhelmi, Christian"]
[Result "1/2-1/2"]
[WhiteElo "2450"]
[BlackElo "2325"]

1.e4 c5 2.Nf3 Nc6 3.d4 cxd4 4.Nxd4 e6 5.Nc3 d6 6.Be2 a6 7.O-O Nf6 8.Be3 Be7
9.f4 O-O 10.a4 Qc7 11.Kh1 Re8 12.Qd2 Na5 13.Bg1 Nc4 14.Bxc4 Qxc4 15.e5 Ng4
16.Rae1 Qc7 17.Qe2 Nh6 18.Qh5 Bd7 19.Rf3 Bf8 20.Ne4 d5 21.Nc3 g6 22.Qh3 Bg7
23.g4 Kh8 24.Bf2 Ng8 25.Rfe3 f6 26.Kg1 fxe5 27.fxe5 Rf8 28.Bg3 Qb6 29.Rd3 Rf7
30.Kg2 Raf8 31.b3 Qd8 32.Nce2 Qc7 33.Ng1 Qd8 34.Ngf3 Qe7 35.Bh4 Qb4 36.Re2 Rf4
37.Bg3 Re4 38.Rf2 Nh6 39.c3 Qe7 40.Bh4 Qe8 41.Bf6 Rxg4+ 42.Kf1 Rf4 43.Qg3 Rg4
44.Qh3 Rf4 45.Qg3 Rg4 46.Qh3  1/2-1/2

[Event "Budapest FS12 IM"]
[Site "Budapest"]
[Date "1996.??.??"]
[Round "3"]
[White "Edelman, Daniel"]
[Black "Novgorodskij, Vladimir"]
[Result "0-1"]
[WhiteElo "2400"]
[BlackElo "2365"]

1.e4 c5 2.Nf3 e6 3.d4 cxd4 4.Nxd4 Nc6 5.Nc3 Qc7 6.f4 a6 7.Be2 Nxd4 8.Qxd4 b5
9.Bf3 Bb7 10.Be3 Rc8 11.Rd1 Ne7 12.Qd2 Bc6 13.Bc5 Ng6 14.Bxf8 Rxf8 15.f5 Ne5
16.O-O Nc4 17.Qg5 Qe5 18.Rfe1 Qc5+ 19.Kh1 Nxb2 20.Qxg7 Nxd1 21.Rxd1 Bb7 22.fxe6 dxe6
23.Nd5 exd5 24.exd5 Qd6 25.Re1+ Kd8 26.Qxh7 Rc4 27.h3 Kc8 28.Be2 Rc5 29.Bf3 Kb8
30.Qf5 Bc8  0-1

[Event "Budapest FS09 IM"]
[Site "Budapest"]
[Date "1996.??.??"]
[Round "4"]
[White "Kiss, Gedeon"]
[Black "Bigaliev, Renat"]
[Result "0-1"]
[WhiteElo "2190"]
[BlackElo "2430"]

1.e4 c5 2.Nf3 e6 3.d4 cxd4 4.Nxd4 Nc6 5.Nc3 Qc7 6.Be3 a6 7.Be2 Nf6 8.O-O d6
9.f4 Be7 10.a4 O-O 11.Nb3 b6 12.Bf3 Rb8 13.g4 Re8 14.g5 Nd7 15.Bg2 Na5 16.Nxa5 bxa5
17.Rb1 Bf8 18.Rf3 Bb7 19.Rh3 g6 20.Qg4 Bg7 21.Rf1 Bc6 22.Bc1 Rb4 23.b3 Qb6+
24.Kh1 Bxc3 25.Rxc3 Bxe4 26.Ba3 Rd4 27.Bxe4 Rxe4 28.Qf3 d5 29.Bb2 e5 30.fxe5 Nxe5
31.Qf6 Qxf6 32.Rxf6 Ng4 33.Rf1 Re2 34.h3 Ne3 35.Rc1 d4 36.Rc6 d3 37.Bc3 d2
38.Bxd2 Rxd2 39.Rxa6 Nd1  0-1

[Event "Budapest FS11 GM"]
[Site "Budapest"]
[Date "1996.??.??"]
[Round "4"]
[White "Rohl, Juan"]
[Black "Berend, Fred"]
[Result "1-0"]
[WhiteElo "2395"]
[BlackElo "2425"]

1.e4 c5 2.Nf3 e6 3.d4 cxd4 4.Nxd4 Nc6 5.Nc3 a6 6.Be2 d6 7.O-O Nf6 8.Be3 Be7
9.Kh1 O-O 10.f4 Bd7 11.a4 Nxd4 12.Bxd4 Bc6 13.Bd3 Nd7 14.Qe2 e5 15.fxe5 dxe5
16.Be3 Bc5 17.Bc4 Qh4 18.Rxf7 Rxf7 19.Bxf7+ Kh8 20.Bd5 Bxd5 21.exd5 Bb4 22.Bf2 Qf4
23.Ne4 Rf8 24.c3 Be7 25.Bg3 Qh6 26.d6 Bh4 27.Bxh4 Qxh4 28.c4 h6 29.b4 Rc8
30.c5 a5 31.bxa5 Qd8 32.Qb5 Nf6 33.Nxf6 Qxf6 34.Rf1 Qe6 35.Qxb7 Rxc5 36.d7 Qf6
37.Qb8+ Kh7 38.Qb1+  1-0

[Event "Spring op"]
[Site "Budapest"]
[Date "1996.??.??"]
[Round "4"]
[White "Czebe, Attila"]
[Black "Ivanovic, Miroslav"]
[Result "1-0"]
[WhiteElo "2325"]
[BlackElo "2185"]

1.e4 c5 2.Nf3 e6 3.d4 cxd4 4.Nxd4 Nc6 5.Nc3 a6 6.Be3 Nf6 7.Bd3 d5 8.exd5 exd5
9.O-O Bd6 10.Nxc6 bxc6 11.Bg5 h6 12.Re1+ Kf8 13.Bh4 g5 14.Bg3 Kg7 15.Ne2 Ng4
16.h3 Bxg3 17.Nxg3 Nf6 18.Qf3 Rb8 19.Qxf6+  1-0

[Event "Budapest FS05 GM"]
[Site "Budapest"]
[Date "1996.??.??"]
[Round "5"]
[White "Votava, Jan"]
[Black "Wilhelmi, Christian"]
[Result "0-1"]
[WhiteElo "2540"]
[BlackElo "2325"]

1.e4 c5 2.Nf3 e6 3.Nc3 Nc6 4.d4 cxd4 5.Nxd4 d6 6.g3 a6 7.Bg2 Bd7 8.O-O Nf6
9.b3 Nxd4 10.Qxd4 Rc8 11.Bb2 Be7 12.Rac1 O-O 13.Ne2 Qa5 14.a4 Rfd8 15.Rfd1 Be8
16.h3 h6 17.Qe3 d5 18.e5 Ne4 19.Bd4 Bc5 20.c3 Bxd4 21.Rxd4 Qc7 22.Bxe4 dxe4
23.Qxe4 Bc6 24.Qe3 b5 25.axb5 axb5 26.f3 Rd5 27.Rxd5 Bxd5 28.b4 Ra8 29.Rc2 Ra1+
30.Kg2 Qc4 31.Nc1 Rb1 32.Rf2 Qc6 33.g4 Qa8 34.Ne2 Qa4 35.Nf4 Qd1 36.Rd2 Qh1+
37.Kg3 g5 38.Ng2 Rf1 39.Rf2 Rg1 40.Re2 Kg7 41.Rf2 Bc4  0-1

[Event "Budapest FS04 IM"]
[Site "Budapest"]
[Date "1996.??.??"]
[Round "6"]
[White "Gorjatchev, Victor"]
[Black "Murzin, Lenar"]
[Result "1-0"]
[WhiteElo "2355"]
[BlackElo "2265"]

1.e4 c5 2.Nf3 e6 3.d4 cxd4 4.Nxd4 Nc6 5.Nc3 Qc7 6.Ndb5 Qb8 7.a4 Nf6 8.Be3 Be7
9.f4 d6 10.Bd3 O-O 11.g4 a6 12.Na3 d5 13.g5 d4 14.gxf6 Bxf6 15.e5 dxe3 16.exf6 Qxf4
17.Ne4 Nd4 18.Rf1 Qh4+ 19.Ng3 Qxh2 20.Bxh7+ Qxh7 21.Qxd4 e5 22.Qxe3 Bg4 23.Qg5 Bh3
24.Rh1 g6 25.O-O-O Rfc8 26.Rxh3 Qxh3 27.Rh1  1-0

[Event "Spring op"]
[Site "Budapest"]
[Date "1996.??.??"]
[Round "6"]
[White "Sax, Gyula"]
[Black "Bairachny, Ruslan"]
[Result "1/2-1/2"]
[WhiteElo "2560"]
[BlackElo "2315"]

1.e4 c5 2.Nf3 e6 3.d4 cxd4 4.Nxd4 Nc6 5.Nc3 Qc7 6.Be2 a6 7.O-O Nf6 8.Be3 d6
9.a4 Be7 10.f4 O-O 11.Kh1 Re8 12.Bf3 Rb8 13.g4 Nxd4 14.Bxd4 e5 15.fxe5 dxe5
16.Ba7 Ra8 17.g5 Rd8 18.Qe2 Ne8 19.Be3 Be6 20.Qf2 Rdc8 21.a5 Nd6 22.Na4 Rf8
23.b3 Nb5 24.Nb6 Rad8 25.Nd5 Bxd5 26.exd5 Nc3 27.Bb6 Qd7 28.Qg2 e4 29.Bg4 Qxd5
30.Rf5 Qc6 31.h4 g6 32.Rf4 f5 33.gxf6 Rxf6 34.Raf1 Rxf4 35.Rxf4 Bc5 36.h5 Qd6
37.Rf1 Bxb6 38.axb6 Rf8 39.Rxf8+ Kxf8 40.Qf2+ Ke7 41.hxg6 hxg6 42.Qe3 Qe5
43.Bc8 Nd5 44.Qc5+ Kf6 45.Bxb7 Qh5+ 46.Kg1 Qg5+ 47.Kh1 Qh4+ 48.Kg1 Qe1+ 49.Kh2  1/2-1/2

[Event "Budapest FS07 IM"]
[Site "Budapest"]
[Date "1996.??.??"]
[Round "6"]
[White "Kerek, Krisztian"]
[Black "Szeberenyi, Adam"]
[Result "0-1"]
[WhiteElo "2305"]
[BlackElo "2130"]

1.e4 c5 2.Nc3 Nc6 3.Nf3 e6 4.d4 cxd4 5.Nxd4 a6 6.g3 Qc7 7.Bg2 Bb4 8.Ne2 Nf6
9.O-O Be7 10.Nf4 O-O 11.g4 h6 12.Nd3 d6 13.f4 Nd7 14.Kh1 Rb8 15.Rf3 b5 16.g5 h5
17.Rh3 g6 18.Ne2 d5 19.Ng3 dxe4 20.Bxe4 Nd4 21.Be3 Nf5 22.Bxf5 gxf5 23.Nxf5 Nb6
24.Nh6+ Kh7 25.f5 Qc6+ 26.Kg1 Bb7 27.Qe2 Qh1+ 28.Kf2 Qg2+ 29.Ke1 Qxh3 30.Bxb6 Bxg5  0-1

[Event "Budapest FS12 IM"]
[Site "Budapest"]
[Date "1996.??.??"]
[Round "6"]
[White "Edelman, Daniel"]
[Black "Fancsy, Imre"]
[Result "1-0"]
[WhiteElo "2400"]
[BlackElo "2325"]

1.e4 c5 2.Nf3 e6 3.d4 cxd4 4.Nxd4 Nc6 5.Nc3 Qc7 6.f4 Nxd4 7.Qxd4 a6 8.Be3 b5
9.O-O-O Bb7 10.Bd3 Rc8 11.Kb1 d6 12.Rd2 Nf6 13.Rhd1 Be7 14.e5 dxe5 15.fxe5 Nd5
16.Ne4 O-O 17.Bg5 Rcd8 18.Bxe7 Nxe7 19.Nd6 Bd5 20.Qh4 g6 21.Be4 Nc6 22.Bxd5 exd5
23.Rxd5 Nxe5 24.Qd4 Nc6 25.Qf6 Qe7 26.Qc3 Na7 27.Re1 Qh4 28.a3 Rd7 29.Nf5 gxf5
30.Rxd7 Rc8 31.Qd2 Nc6 32.Rd1 h6 33.g3 Qh5 34.Rd6 Kh7 35.Qc3 Ne7 36.Qf6 Ng8
37.Qe5 Rc6 38.Rxc6 Qxd1+ 39.Ka2 b4 40.Qxf5+ Kg7 41.axb4 Ne7 42.Qf6+ Kg8 43.Rd6  1-0

[Event "Budapest FS11 GM"]
[Site "Budapest"]
[Date "1996.??.??"]
[Round "6"]
[White "Rohl, Juan"]
[Black "Fogarasi, Tibor"]
[Result "1-0"]
[WhiteElo "2395"]
[BlackElo "2505"]

1.e4 c5 2.Nf3 e6 3.d4 cxd4 4.Nxd4 Nc6 5.Nc3 Qc7 6.Be2 a6 7.O-O Nf6 8.Be3 Be7
9.f4 d6 10.Kh1 O-O 11.a4 Re8 12.Bf3 Rb8 13.Nb3 b6 14.g4 Bf8 15.g5 Nd7 16.Qe2 Bb7
17.Bg2 Nb4 18.Rad1 Rbc8 19.Qf2 g6 20.Rd4 Nc6 21.Rd3 Nb4 22.Rd4 d5 23.e5 b5
24.axb5 axb5 25.Rfd1 Nxc2 26.Qxc2 b4 27.Bd2 bxc3 28.Bxc3 Qb6 29.Nc1 Bc5 30.Qd2 Bxd4
31.Bxd4 Qc7 32.Nd3 Qc2 33.Qe1 Rc4 34.Nf2 Rec8 35.h3 Ba6 36.Kh2 Qa4 37.Bc3 Rxf4
38.Ng4 Rxg4 39.hxg4 Qxg4 40.Ra1 d4 41.Bd2 Qe2 42.Ra4 Qxe1 43.Bxe1 Bc4 44.Bg3 d3
45.Bf4 Bd5 46.Bxd5 exd5 47.Kg3 Nb6 48.Rd4 Rc2 49.Rxd3 Rxb2 50.Be3 Nc4 51.Bc5 Rd2
52.Rb3 Rb2 53.Rd3 Nd2 54.Kf4 Ne4 55.Be7 Rb7 56.Bd6 Nxd6 57.exd6 Rd7 58.Rxd5 f6
59.gxf6 Kf7 60.Ke5 h5 61.Rc5  1-0

[Event "Budapest FS08 GM"]
[Site "Budapest"]
[Date "1996.??.??"]
[Round "7"]
[White "Aagaard, Jacob"]
[Black "Szabolcsi, Janos"]
[Result "0-1"]
[WhiteElo "2370"]
[BlackElo "2425"]

1.e4 c5 2.Nf3 e6 3.d4 cxd4 4.Nxd4 Nc6 5.Nc3 Qc7 6.Be2 a6 7.O-O Nf6 8.Be3 Bb4
9.Na4 O-O 10.Nxc6 bxc6 11.Nb6 Rb8 12.Nxc8 Rfxc8 13.Bxa6 Rd8 14.Bd3 Bd6 15.f4 e5
16.f5 Rxb2 17.g4 h6 18.h4 Bf8 19.g5 Nd5 20.exd5 e4 21.Qg4 exd3 22.gxh6 Rxc2
23.Bf4 Qb6+ 24.Kh1 Qd4 25.hxg7 Bxg7 26.f6 Qxf6 27.Bc7 Qc3 28.Qf5 Rf8 29.Rad1 Qc4
30.Rxd3 cxd5 31.Rg1 Rc1 32.Bg3 Rxg1+ 33.Kxg1 d4 34.Bf2 Re8 35.Rg3 Re6 36.h5 Kf8
37.Rb3 Qc1+ 38.Kg2 Qc6+ 39.Kg1 Be5 40.Qg4 Rf6 41.Qg5 Qe4 42.Qg2 d5 43.Rb5 Rf5
44.Rb3 Rxh5 45.a4 Qe2 46.Qf3 Rg5+  0-1

[Event "Budapest FS03 GM"]
[Site "Budapest"]
[Date "1996.??.??"]
[Round "7"]
[White "Videki, Sandor"]
[Black "Kogan, Artur"]
[Result "0-1"]
[WhiteElo "2460"]
[BlackElo "2485"]

1.e4 c5 2.Nf3 e6 3.d4 cxd4 4.Nxd4 Nc6 5.Nc3 Qc7 6.g3 a6 7.Bg2 Nf6 8.O-O Bc5
9.Nb3 Ba7 10.Bg5 b5 11.Nd5 Qd8 12.Nxf6+ gxf6 13.Bh6 Bb7 14.Qh5 Ne5 15.Bg7 Rg8
16.Qxh7 Ke7 17.h3 Qc7 18.c3 Nf3+ 19.Kh1 Ng5 20.Qh6 Nxe4 21.Rae1 Nxf2+ 22.Kh2 Rxg7
23.Qxg7 Bxg2 24.Kxg2 Qb7+ 25.Kh2 Qf3 26.Qh6 Rg8 27.Qf4 Qxf4 28.gxf4 Nd3 29.Rd1 Nxb2
30.Rd2 Nc4 31.Re2 Ne3 32.Rf3 Nf5 33.Re1 d5 34.Ra1 Nh4 35.Rg3 Rc8 36.a4 Bb8
37.Rg4 Ng6 38.axb5 axb5 39.Ra5 Bxf4+ 40.Kh1 Rxc3  0-1

[Event "Budapest FS07 IM"]
[Site "Budapest"]
[Date "1996.??.??"]
[Round "9"]
[White "Knezevic, Bojan"]
[Black "Kerek, Csaba"]
[Result "1/2-1/2"]
[WhiteElo "2380"]
[BlackElo "2190"]

1.e4 c5 2.Nf3 Nc6 3.Nc3 e6 4.d4 cxd4 5.Nxd4 Nf6 6.Nxc6 bxc6 7.e5 Nd5 8.Nxd5 cxd5
9.Bd3 Qc7 10.Qe2 Rb8 11.O-O d6 12.Bf4 Rb4 13.Bg3 Be7 14.c3 Rb6 15.f4 O-O
16.Bf2 Rb8 17.Bd4 f5 18.b4 Bd7 19.g4 dxe5 20.fxe5 f4 21.Rf3 Rf7 22.Qf2 g5
23.h4 Bb5 24.Bc2 Rc8 25.hxg5 Bxg5 26.a4 Be8 27.Rh3 Rg7 28.Kh1 Bg6 29.Bxg6 hxg6
30.a5 a6 31.Qe2 Rh7 32.Rxh7 Qxh7+ 33.Kg2 Bh4 34.Qxa6 f3+ 35.Kxf3 Rf8+ 36.Kg2 Qh6
37.Qe2 Qf4 38.Kh1 Qg3 39.Qg2 Qd3 40.Kh2 Rf3 41.a6 Rg3 42.a7 Rxg2+ 43.Kxg2 Qg3+
44.Kf1 Qf3+ 45.Kg1 Qg3+ 46.Kf1 Qf3+  1/2-1/2

[Event "Spring op"]
[Site "Budapest"]
[Date "1996.??.??"]
[Round "9"]
[White "Zemerov, Vladimir"]
[Black "Horvath, Jozsef"]
[Result "0-1"]
[WhiteElo "2410"]
[BlackElo "2505"]

1.e4 c5 2.Nf3 Nc6 3.Nc3 e6 4.d4 cxd4 5.Nxd4 Qc7 6.Be3 a6 7.Bd3 Nf6 8.O-O Ne5
9.h3 Bc5 10.f4 Nc6 11.Be2 Qb6 12.Na4 Bxd4 13.Nxb6 Bxe3+ 14.Kh1 Bxb6 15.Bf3 O-O
16.c3 d5 17.e5 Ne4 18.Qe1 f5 19.exf6 Nxf6 20.Rd1 Bd7 21.Qd2 Ne7 22.Rfe1 Nf5
23.Re5 Rae8  0-1

[Event "Budapest FS08 GM"]
[Site "Budapest"]
[Date "1996.??.??"]
[Round "12"]
[White "McDonald, Neil R"]
[Black "Fogarasi, Tibor"]
[Result "1/2-1/2"]
[WhiteElo "2500"]
[BlackElo "2505"]

1.e4 c5 2.Nf3 e6 3.d4 cxd4 4.Nxd4 Nc6 5.Nc3 Qc7 6.Be2 a6 7.O-O Nf6 8.Be3 Be7
9.f4 d6 10.a4 O-O 11.Kh1 Re8 12.Bf3 Rb8 13.Qe1 Nxd4 14.Bxd4 e5 15.Ba7 Ra8
16.Be3  1/2-1/2

[Event "JUG-chT"]
[Site "Budva"]
[Date "1996.??.??"]
[Round "2"]
[White "Pavlovic, Milos"]
[Black "Paunovic, Dragan"]
[Result "1-0"]
[WhiteElo "2490"]
[BlackElo "2480"]

1.e4 c5 2.Nf3 Nc6 3.d4 cxd4 4.Nxd4 e6 5.Nc3 Qc7 6.Be2 a6 7.O-O Nf6 8.a4 Be7
9.Be3 d6 10.f4 O-O 11.Kh1 Bd7 12.Nb3 b6 13.Bf3 Rad8 14.Qe2 Bc8 15.Qc4 Bb7
16.Rad1 Nd7 17.Nd4 Qc8 18.Qe2 Nc5 19.Qf2 Bf6 20.Nde2 Nb4 21.Ng3 Qa8 22.Nh5 Be7
23.Qg3 g6 24.f5 exf5 25.exf5 Rde8 26.Bg5 Bxf3 27.Rxf3 Ne4 28.Nxe4 Qxe4 29.Re1 Qb7  1-0

[Event "Buenos Aires op"]
[Site "Buenos Aires"]
[Date "1996.??.??"]
[Round "?"]
[White "German, Gustavo"]
[Black "Tregubov, Pavel V"]
[Result "1/2-1/2"]
[WhiteElo "2440"]
[BlackElo "2470"]

1.e4 c5 2.Nf3 e6 3.d4 cxd4 4.Nxd4 Nc6 5.Nc3 Qc7 6.Be2 a6 7.O-O Nf6 8.Kh1 Nxd4
9.Qxd4 Bc5 10.Qd3 b5 11.f4 Bb7 12.Bf3 h5 13.e5 Ng4 14.Bxb7 Qxb7 15.Ne4 Be7
16.Be3 Rc8 17.Bd4 Nh6 18.c3 h4 19.Qf3 Qc6 20.Rad1 Nf5 21.b4 h3 22.g3 Qc4
23.Rf2 a5 24.a3 Nxd4 25.Rxd4 Qb3 26.f5 exf5 27.Qxf5 Qe6 28.Kg1 axb4 29.axb4 Ra8
30.Rd1 O-O 31.Qxe6 dxe6 32.Rd7 f5 33.exf6 Bxf6 34.Kf1 Be5 35.Rxf8+ Kxf8 36.Ke2 Ke8
37.Rd2 Ra3 38.Kd3 Ke7 39.Rc2 Ra8 40.Nf2 Rh8 41.Ke4 Bd6 42.Rd2 Bc7 43.Rd3 Bb6
44.Ng4 Rc8 45.Ne5 Bg1 46.Ng6+ Kf6 47.Nf4 Rc4+ 48.Kf3 e5 49.Rd6+ Kf7 50.Nxh3 Rxc3+
51.Kg2 Be3 52.Rd5 Ke6 53.Rxb5 Kf5 54.Rb7 g5 55.Rf7+ Ke6 56.Rf8 g4 57.Nf2 Bxf2
58.Kxf2 Rb3 59.Rb8 Kf5 60.Rh8 Ke4 61.h3 Rb2+ 62.Kf1 Rxb4 63.hxg4 Ke3 64.Ra8 Rb1+  1/2-1/2

[Event "Buenos Aires op"]
[Site "Buenos Aires"]
[Date "1996.??.??"]
[Round "?"]
[White "Milos, Gilberto"]
[Black "Tregubov, Pavel V"]
[Result "1/2-1/2"]
[WhiteElo "2565"]
[BlackElo "2470"]

1.e4 c5 2.Nf3 e6 3.d4 cxd4 4.Nxd4 Nc6 5.Nc3 Qc7 6.Be2 a6 7.O-O Nf6 8.Be3 Bb4
9.Na4 Rb8 10.c4 Bd6 11.g3 Nxe4 12.Bd3 Nc5 13.Nxc5 Bxc5 14.Nxe6 dxe6 15.Bxc5 b6
16.Be3 O-O 17.Be2  1/2-1/2

[Event "Bissell op"]
[Site "Buenos Aires"]
[Date "1996.??.??"]
[Round "4"]
[White "German, Gustavo"]
[Black "Musanti, Diego"]
[Result "1-0"]
[WhiteElo "2440"]
[BlackElo "2335"]

1.e4 c5 2.Nf3 e6 3.d4 cxd4 4.Nxd4 Nc6 5.Nc3 d6 6.Be2 Nf6 7.O-O Be7 8.Kh1 O-O
9.f4 Qc7 10.Ndb5 Qb8 11.a4 a6 12.Na3 Qc7 13.Be3 Rb8 14.Bf3 Rd8 15.Rf2 b6
16.Rd2 Na5 17.Qg1 Nd7 18.f5 Ne5 19.Be2 Qb7 20.Qf1 Qc7 21.Bf4 Bb7 22.Rad1 Qc6
23.fxe6 fxe6 24.Bxe5 dxe5 25.Rxd8+ Rxd8 26.Rxd8+ Bxd8 27.Bxa6 Bxa6 28.Qxa6 Be7
29.Nab1 Nc4 30.b3 Ne3 31.Qd3 Ng4 32.Qg3 Bb4 33.Qxg4 Bxc3 34.Nxc3 Qxc3 35.Qxe6+ Kf8
36.Qf5+ Kg8 37.h3 g6 38.Qf2 h5 39.Kh2 Qb4 40.Qe3 Kh7 41.Kg1 Qa3 42.Kf2 Qb2
43.Qd2 Qa3 44.Qd7+ Kh6 45.Qc8 Qb2 46.Kg3 Kh7 47.Qc7+ Kh6 48.Qxb6 Qc3+ 49.Kh2 Qe1
50.a5 Qxe4 51.Qf2 Qd5 52.a6 Kg7 53.a7 Qb7 54.Qc5 Qe4 55.Qe7+  1-0

[Event "Cairo op"]
[Site "Cairo"]
[Date "1996.??.??"]
[Round "5"]
[White "Hamam, Reda"]
[Black "Fatehy, Alamir"]
[Result "1-0"]
[WhiteElo "2320"]
[BlackElo "2020"]

1.e4 c5 2.Nf3 e6 3.Nc3 Nc6 4.d4 cxd4 5.Nxd4 Nf6 6.Be3 Bb4 7.Bd3 d5 8.Nxc6 bxc6
9.e5 d4 10.exf6 dxc3 11.b3 Qxf6 12.Qg4 Be7 13.Qe4 e5 14.O-O g6 15.Bg5 Qd6
16.Bxe7 Kxe7 17.Rad1 Bf5 18.Qh4+ Qf6 19.Qb4+ Ke8 20.Rfe1 Be6 21.Be4 Rc8 22.Qd6 Qe7
23.Bxc6+ Kf8 24.Qxe5 Rg8 25.Rd7 Qb4 26.Rd6 Qb8 27.Red1 Qc7 28.Qf6  1-0